Statistiques concernant Psaumes 23

Cliquez ici pour prendre le quiz!

Statistiques générales

  • Ce quiz a été pris 5 fois
  • Le résultat moyen est 42 sur 119

Statistiques - réponses

Versets :% Correct
berger:
100%
Cantique
100%
David.
100%
de
100%
de
100%
est
100%
je
100%
L'Eternel
100%
manquerai
100%
mon
100%
ne
100%
rien.
100%
A
50%
aucun
50%
avec
50%
bonheur
50%
car
50%
coupe
50%
dans
50%
dans
50%
dans
50%
de
50%
de
50%
de
50%
de
50%
de
50%
de
50%
de
50%
de
50%
de
50%
déborde.
50%
des
50%
d'huile
50%
es
50%
Et
50%
et
50%
fait
50%
grâce
50%
Il
50%
Il
50%
Je
50%
jours
50%
la
50%
la
50%
la
50%
la
50%
le
50%
les
50%
les
50%
l'ombre
50%
ma
50%
ma
50%
ma
50%
m'accompagneront
50%
mal,
50%
me
50%
me
50%
moi:
50%
mort,
50%
ne
50%
oins
50%
pâturages,
50%
reposer
50%
tête,
50%
Tous
50%
Tu
50%
Tu
50%
tu
50%
vallée
50%
verts
50%
vie,
50%
adversaires;
0%
âme,
0%
bâton
0%
cause
0%
conduit
0%
crains
0%
dans
0%
devant
0%
dirige
0%
dresses
0%
eaux
0%
En
0%
Et
0%
et
0%
face
0%
fin
0%
houlette
0%
Il
0%
Il
0%
je
0%
j'habiterai
0%
jours.
0%
jusqu'a
0%
justice,
0%
la
0%
la
0%
l'Eternel
0%
maison
0%
marche
0%
me
0%
me
0%
mes
0%
mes
0%
moi
0%
mon
0%
nom.
0%
Oui,
0%
paisibles.
0%
près
0%
Quand
0%
rassurent.
0%
restaure
0%
sentiers
0%
son
0%
Ta
0%
table,
0%
ton
0%
une
0%

Distribution des résultats

Percentile par nombre de réponses

% des personnes avec chaque résultat

Votre développement - résultats

Vous n’avez pas pris ce quiz